| 000 | 00777nam a2200241 a 4500 | ||
|---|---|---|---|
| 003 | OSt | ||
| 005 | 20171120145616.0 | ||
| 008 | 1 s2011 spc|||| |||| 0|1 0aspa|d | ||
| 017 |
_aDL B. 44689-2011 _bBiblioteca de Catalunya |
||
| 020 | _a9788480409696 | ||
| 040 |
_aES-BaBC _bcat _cCDMR |
||
| 080 | _a929Vargas Llosa, Mario | ||
| 100 | 1 |
_aVargas Llosa, Mario, _d1936- |
|
| 245 | 1 | 3 |
_aEl Pez en el agua / _cMario Vargas Llosa |
| 260 |
_a[Madrid] : _bPunto de Lectura, _c2011 _e([Gavà] : _fLitografía Rosés) |
||
| 300 |
_a618 p. ; _c19 cm |
||
| 504 | _aReferències bibliogràfiques. Índex | ||
| 600 | 1 | 7 |
_aVargas Llosa, Mario, _d1936- _2lemac |
| 650 | 7 |
_aEscriptors peruans _yS. XX _xBiografia _2lemac |
|
| 650 | 0 | 4 |
_aReportatges literaris _9797 |
| 940 | _aBC | ||
| 942 | _cMON | ||
| 999 |
_c7086 _d7086 |
||